00744nam a2200193 a 450000100100000000500170001000800410002702000150006804000250008308200130010810000350012124500850015626000640024130000280030550000740033304900090040795201170041699900170053300002414520200930022745.0110119s1997 ve a 000 0 spa d a9803300229 aDO-SdBNPbspacBNPHU ann*bnn*1 aRobles de Mora, Lolita.94957710aCaminos de leyenda :btradición oral en el Táchira /cLolita Robles de Mora. aSan Cristobal :bGobernación del Estado Táchira,c1997. a351 p. :bil. ;c22 cm. aIncluye referencias bibliográficas y notas al pie de las páginas. aBNGR 001054708MOaGRbGRcCTd2011-01-19iLF1l0onn* nn*p24145-10r2020-06-25w2020-06-25y4ZPréstamo en sala c23639d23639